La incidencia del rǧimen de gananciales en el contrato de seguro de vida

Detalles Bibliográficos
Autor principal: Fraticelli Torres, Migdalia
Formato: Desconocido
Lenguaje:español
Publicado: [Madrid] : Dykinson, 2005
Materias:
Acceso en línea:Acceso restringido

MARC

LEADER 00000ny a22000003n 4500
005 20110523144513.0
008 080618s2005 sp s 000 0 spa c
020 |a 8497727126 
035 |a 1277 
040 |a UMA.RE  |d vLex 
080 |a 347.626:368.91(460)(0.034 
080 |a 368.91:347.626(460)(0.034) 
090 |c 176  |d 176 
100 1 |a Fraticelli Torres, Migdalia 
245 1 3 |a La incidencia del rǧimen de gananciales en el contrato de seguro de vida  |h [Recurso electrn̤ico]  |c Migdalia Fraticelli Torres 
256 |a Servicio en ln̕ea 
260 |a [Madrid] :  |b Dykinson,  |c 2005 
506 1 |a Contenido solo disponible en los productos indicados  |d vLex Global  |d vLex Global (Academic Edition, excluding Law Schools)  |d vLex Global (U.S. Academic Edition, Law Schools)  |d vLex Global (U.S. Academic Edition, excluding Law Schools)  |d vLex Global (Academic Edition, Law Schools) 
650 0 7 |a Sociedad de gananciales  |2 Tesauro vLex 
650 0 7 |a Familia  |2 Tesauro vLex 
650 0 7 |a Seguros  |2 Tesauro vLex 
650 0 7 |a Mercantil  |2 Tesauro vLex 
650 0 7 |a Seguro de vida  |2 Tesauro vLex 
740 0 |a vLex Libros (Servicios en ln̕ea) 
856 4 0 |u http://vlex.com/source/1277  |z Acceso restringido 
942 |c BOOK 
999 0 |a Corporations   |b Madrid